000 00319nam a2200133Ia 4500
999 _c6754
_d6754
003 OSt
008 191201s2011 xx 000 0 und d
100 _aCERVANTES, Miguel De
245 0 _aDon Quixote Part II
260 _bKALYANI NAVYUG MEDIA PVT LTD
_c2011
300 _a68
650 _aGeneral Books
942 _2ddc
_cBK